000 00874nam a22002417a 4500
001 74616
003 BD-RjUL
005 20211209082559.0
008 181104s2017 bg a|||| b||| 10| 0 eng d
035 _a(BD-RjUL)74834
040 _aBD-RjUL
_beng
_cBD-RjUL
041 _aeng
082 _223
_a636.390954
_bSUS 2017
245 _aSustainable goat farming for livelihood improvement in South Asia /
_cedited by Nure Alam Siddiky; SAARC Agricultural Information Centre.
260 _aDhaka :
_bSAARC Agriculture Centre,
_c2017.
300 _ax, 189 pages :
_bcolor illustrations, color maps ;
_c24 cm
504 _aIncludes bibliographical references.
650 _aGoats.
_9224666
_vfarming
650 _aGoats
_xBreeding.
_9224667
_zSouth Asia.
700 _aSiddiky, Nure Alam
_9224668
710 2 _aSAARC Agricultural Information Centre.
_9224669
942 _2ddc
_cBK
999 _c74616
_d74616